President Eisenhower's report to the Nation, May 25, 1960. (Record no. 90077)
[ view plain ]
| 000 -LEADER | |
|---|---|
| fixed length control field | 01248cam a22003011 4500 |
| 001 - CONTROL NUMBER | |
| control field | sd 60000004 |
| 003 - CONTROL NUMBER IDENTIFIER | |
| control field | DLC |
| 005 - DATE AND TIME OF LATEST TRANSACTION | |
| control field | 20260227112736.0 |
| 008 - FIXED-LENGTH DATA ELEMENTS--GENERAL INFORMATION | |
| fixed length control field | 920417s1960 dcu f000 0 eng c |
| 010 ## - LIBRARY OF CONGRESS CONTROL NUMBER | |
| LC control number | sd 60000004 |
| 035 ## - SYSTEM CONTROL NUMBER | |
| System control number | (OCoLC)25667655 |
| 040 ## - CATALOGING SOURCE | |
| Original cataloging agency | U.S. Dept. of State. Library |
| Transcribing agency | DS |
| Modifying agency | DS |
| -- | DLC |
| 050 00 - LIBRARY OF CONGRESS CALL NUMBER | |
| Classification number | E183.8.R9 |
| Item number | E4 |
| 082 ## - DEWEY DECIMAL CLASSIFICATION NUMBER | |
| Classification number | 327.73047 |
| 100 1# - MAIN ENTRY--PERSONAL NAME | |
| Personal name | Eisenhower, Dwight D. |
| Fuller form of name | (Dwight David), |
| Dates associated with a name | 1890-1969. |
| 245 10 - TITLE STATEMENT | |
| Title | President Eisenhower's report to the Nation, May 25, 1960. |
| Remainder of title | Secretary Herter's report to the Senate Foreign Relations Committee, May 27, 1960. |
| 260 ## - PUBLICATION, DISTRIBUTION, ETC. | |
| Place of publication, distribution, etc. | [Washington, |
| Name of publisher, distributor, etc. | Dept. of State, |
| Date of publication, distribution, etc. | 1960] |
| 300 ## - PHYSICAL DESCRIPTION | |
| Extent | 25 p. |
| Dimensions | 23 cm. |
| 490 1# - SERIES STATEMENT | |
| Series statement | [U.S.] Dept. of State. Publication |
| Volume/sequential designation | 7010 |
| 490 1# - SERIES STATEMENT | |
| Series statement | General foreign policy series, |
| Volume/sequential designation | 151 |
| 651 #0 - SUBJECT ADDED ENTRY--GEOGRAPHIC NAME | |
| Geographic name | United States |
| General subdivision | Relations |
| Geographic subdivision | Soviet Union. |
| 651 #0 - SUBJECT ADDED ENTRY--GEOGRAPHIC NAME | |
| Geographic name | Soviet Union |
| General subdivision | Relations |
| Geographic subdivision | United States. |
| 650 #0 - SUBJECT ADDED ENTRY--TOPICAL TERM | |
| Topical term or geographic name entry element | U-2 Incident, 1960. |
| 650 #0 - SUBJECT ADDED ENTRY--TOPICAL TERM | |
| Topical term or geographic name entry element | World politics |
| Chronological subdivision | 1955-1965. |
| 700 12 - ADDED ENTRY--PERSONAL NAME | |
| Personal name | Herter, Christian Archibald, |
| Dates associated with a name | 1895-1966. |
| Title of a work | Secretary Herter's report to the Senate Foreign Relations Committee, May 27, 1960. |
| 830 #0 - SERIES ADDED ENTRY--UNIFORM TITLE | |
| Uniform title | Department of State publication ; |
| Volume/sequential designation | 7010. |
| 830 #0 - SERIES ADDED ENTRY--UNIFORM TITLE | |
| Uniform title | Department of State publication. |
| Name of part/section of a work | General foreign policy series ; |
| Volume/sequential designation | 151. |
No items available.